| 000 | 014260000a22003250004500 | ||
|---|---|---|---|
| 003 | EG-GiCUC | ||
| 005 | 20250223025644.0 | ||
| 008 | 081111s2008 ua f m 000 0 ger d | ||
| 040 |
_aEG-GiCUC _bger _cEG-GiCUC |
||
| 041 | 0 | _aGer | |
| 049 | _aDeposite | ||
| 097 | _aM.A | ||
| 099 | _aCai01.02.14.M.A.2008.Mo.L | ||
| 100 | 0 | _aMostafa Elnaggar | |
| 245 | 1 | 0 |
_aLexikalische entlehnung in der deutschen gegenwartssprache / _cMostafa Elnaggar ; Unter betreuung von Aleya Ezzat Ayad |
| 246 | 1 | 5 | _aالألفاظ الدخيلة في الألمانية المعاصرة : دراسة وصفية تحليلية |
| 260 |
_aCairo : _bMostafa Elnaggar , _c2008 |
||
| 300 |
_a183P. ; _c25cm |
||
| 502 | _aThesis(M.A.) - Cairo University - Faculty of Arts - Department of Germany | ||
| 520 | _aMittels dieser magisterarbeit beabsichtigen wir die fremdwort - problematik mit der anglizismen - thematik zu verbinden , indem sich die (quantitative) bewertung der heutigen stellung und entwicklung von englischen entlehnugen immer im verhaltnis zu anderen sprachen vollzieht , die die deutsche sprache beeinflusst haben | ||
| 530 | _aIssued also as CD | ||
| 653 | 4 | _aSprachgeschichte | |
| 653 | 4 | _aSprachwandel | |
| 653 | 4 | _aSprachwissenschaft | |
| 700 | 0 |
_aAleya Ezzat Ayad , _eSupervisor |
|
| 856 | _uhttp://172.23.153.220/th.pdf | ||
| 905 |
_aMustafa _eRevisor |
||
| 905 |
_aSamia _eCataloger |
||
| 942 |
_2ddc _cTH |
||
| 999 |
_c17697 _d17697 |
||